Electronic Circuit Analysis and Design / (Record no. 32320)

000 -LEADER
fixed length control field 00503nam a22002057a 4500
003 - CONTROL NUMBER IDENTIFIER
control field Nust
005 - DATE AND TIME OF LATEST TRANSACTION
control field 20211020155953.0
008 - FIXED-LENGTH DATA ELEMENTS--GENERAL INFORMATION
fixed length control field 170116b xxu||||| |||| 00| 0 eng d
020 ## - INTERNATIONAL STANDARD BOOK NUMBER
International Standard Book Number 8172245319
038 ## - RECORD CONTENT LICENSOR
Staff Name khadija
040 ## - CATALOGING SOURCE
Transcribing agency .
082 ## - DEWEY DECIMAL CLASSIFICATION NUMBER
Classification number 621.3192
Author Mark HAY
100 ## - MAIN ENTRY--PERSONAL NAME
Personal name Hayt, William H
9 (RLIN) 9060
245 ## - TITLE STATEMENT
Title Electronic Circuit Analysis and Design /
Statement of responsibility, etc. William H. Hayt
260 ## - PUBLICATION, DISTRIBUTION, ETC.
Place of publication, distribution, etc. New Dehli:
Name of publisher, distributor, etc. Jaico;
Date of publication, distribution, etc. 2003.
300 ## - PHYSICAL DESCRIPTION
Extent 460p. ;
500 ## - GENERAL NOTE
General note paperback.
563 ## - BINDING INFORMATION
Binding note PB
942 ## - ADDED ENTRY ELEMENTS (KOHA)
Koha item type Book
Source of classification or shelving scheme
Holdings
Withdrawn status Lost status Source of classification or shelving scheme Damaged status Not for loan Permanent Location Current Location Shelving location Date acquired Full call number Barcode Date last seen Price effective from Koha item type
          School of Mechanical & Manufacturing Engineering (SMME) School of Mechanical & Manufacturing Engineering (SMME) General Stacks 08/06/2015 621.3192 HAY SMME-1086 03/27/2018 08/06/2015 Book
© 2023 Central Library, National University of Sciences and Technology. All Rights Reserved.